000
00286nam a2200121Ia 4500
005
20251222141843.0
008
251222s9999||||xx |||||||||||||| ||spa||
082
_a
869.56/F63
100
_a
Flores Quelopana, Gustavo
245
0
_a
Cadencias MetafĂsica
264
_b
IIPCIAL
942
_c
LIB
999
_c
7471
_d
7471